000 00684nam a2200217 a 4500
001 000007839
005 20200929154321.0
008 090911s1956 dr a 001 0 spa d
040 _aDO-SdBNP
_bspa
_cBNPHU
082 _a617.645
_bG216c
100 1 _aGarcía Godoy, F.
_921582
245 1 0 _aCompendio de odontología infantil /
_cF. García Godoy.
260 _aCiudad Trujillo, República Dominicana :
_b[s. n.],
_c1956.
300 _a152 p. :
_bil ;
_c22 cm.
504 _aIncluye referencias bibliográficas [p. 141]
590 _aEjemplar autografiado
650 4 _aOdontología infantil
_921583
650 4 _aDentición
_921584
650 4 _aGingivitis
_921585
049 _aBNPD
999 _c7617
_d7617